| 000 | 00561nam a2200229 a 4500 | ||
|---|---|---|---|
| 001 | nice12345678 | ||
| 003 | IN_TiNIC | ||
| 005 | 20260116012725.0 | ||
| 008 | 050524s1989 newa grp 000 0 eng | ||
| 020 |
_a _c190 |
||
| 082 | 0 | 0 |
_a954 _bEMB |
| 100 | _aEmbree, Ainslie T | ||
| 245 |
_aImagining India _b Essays on Indian History |
||
| 260 |
_aNew York _bOxford University Press _c1989 |
||
| 300 | _a220p | ||
| 500 | _aincludes index and biblioraphy | ||
| 505 | 2 | _aIndex | |
| 650 | _aIndia-History | ||
| 902 | _bSRS | ||
| 942 | _cBK | ||
| 999 |
_c8108 _d8108 |
||